| 000 | 00666nam a2200181zi 4500 | ||
|---|---|---|---|
| 999 |
_c19702 _d47700 |
||
| 005 | 20180315040150.0 | ||
| 037 |
_aBC_1398 66 _faut |
||
| 040 |
_aBC-ENSA _bfre |
||
| 041 | _afre | ||
| 110 | _aOffice national des statistiques. Direction technique chargée des statistiques économiques et du suivi de la conjoncture | ||
| 245 | _aParc national automobile -2002- | ||
| 260 |
_aAlger _bONS _c2005 |
||
| 300 |
_a110 p. _bill. _c30 cm |
||
| 562 | _e01 exemplaire | ||
| 942 | _c09 | ||
| 490 | _a1589 | ||
| 653 | _aINDUSTRIE/PRIX/VALEUR AJOUTEE/COMMERCE EXTERIEUR/PARC NATIONAL | ||